00382nam a22001337a 4500999001500000082001400015100001600029245004100045260003600086300000800122650000900130942000700139952010200146 c4627d4627 a543.1 RAM aRamasamy M. aTreatise and Manual of Food Analysis aSri lankabPrint Graphicsc1995 a182 aFood cBK 0010708NFICaICbICcGENd2018-10-01l0o543.1 RAMp004074r2022-11-17 00:00:00w2018-10-01yBK